000 00918nam0a22002651 4500
001 rc\67802
005 20250620165945.0
010 _a5-247-02202-5
_91600
035 _a(NLR Aleph) 005341430
090 _a6697892
_c6697892
100 _a20021216d1991 |||y0rusy50 ca
101 0 _arus
102 _aRU
105 _aa |||||||||
200 1 _aНетрадиционные источники получения углеводородов
_f[Р.В. Сенюков, Г.П. Вдовыкин, Т.Г. Чернова и др.]
210 _aМ.
_cНедра
_d1991
215 _a109, [2] с.
_cил.
_d21
300 _aАвт. указаны на обороте тит. л.
320 _aБиблиогр.: с. 109-110 (31 назв.)
701 1 _aСенюков
_bР.В.
_gРемир Васильевич
801 0 _aRU
_bNLR
_gpsbo
801 1 _aRU
_bELAR
_2rusmarc
852 _aNLR
_j91-3/7505
942 _cBOOK
980 _aNB